| 000 | 00610cam a2200145 4500500 | ||
|---|---|---|---|
| 005 | 20251228073711.0 | ||
| 041 | _afre | ||
| 042 | _adc | ||
| 100 | 1 | 0 |
_aGaggadis-Robin, Vassiliki _eauthor |
| 245 | 0 | 0 | _aJanon Michel, Gassend Jean-Marie, Lambèse, capitale militaire de l’Afrique romaine, Ollioules, Les Éditions de la Nerthe, 2005, 1 vol. 31,5 × 23,5, 85 p., fig. ds t. |
| 260 | _c2005. | ||
| 500 | _a13 | ||
| 786 | 0 | _nRevue archéologique | 40 | 2 | 2005-09-01 | p. 365zk-437zk | 0035-0737 | |
| 856 | 4 | 1 | _uhttps://shs.cairn.info/revue-archeologique-2005-2-page-365zk?lang=fr&redirect-ssocas=7080 |
| 999 |
_c1595739 _d1595739 |
||